000 00650nam a22002177a 4500
005 20170124105933.0
010 _aB-209679
020 _c00.00
_a8185989915
035 _aB-209679
037 _bCen Lib/ Ret
040 _aDPL
_bEN
082 _a657.42
_bMIT
100 _aMittal. D. K.
_990942
245 _aPractical costing /
_cby D. K. Mittal
260 _aNew Delhi
_bGalgotia Publishing Company
_c2003
270 _a6A/4, W.E.A., Karol Bagh
_bNew Delhi
_e110005
300 _a751p. :
_bill.
_c22cm(Hb)
650 _aTechnology (Applied Science)
_98855
650 _aProcess Costing
_98856
942 _2ddc
_cEN
_h657.42
_mMIT
999 _c123999
_d123999